| 000 | 00679nab a2200193 4500 | ||
|---|---|---|---|
| 001 | 244442 | ||
| 003 | OSt | ||
| 005 | 20240618082740.0 | ||
| 007 | tu | ||
| 008 | 200917s2020||||||| | ||
| 040 |
_aDE-2950 _cDE-2950 |
||
| 245 | 0 | 0 |
_aIst eine zweite Brücke mit allen Parteien zu machen? _bWahl. Dichter Verkehr und Stau in Frankfurt (Oder) und Slubice sind oft ein Problem. Das sind die Positionen der Parteien zur Idee einer zweiten Brücke/ _cLisa Larossa |
| 264 | _c2024 | ||
| 653 | _aFrankfurt (Oder) | ||
| 653 | _aParteienumfrage | ||
| 653 | _aZweite Brücke | ||
| 773 | 0 |
_g35. Jahrgang (2024) Nr. 113 vom 16.05.2024, S. 16mit Foto _tMärkische Oderzeitung |
|
| 942 |
_2z _cA |
||
| 999 |
_c373168 _d373168 |
||